00465nam a2200145Ia 4500008004100000020001800041041000800059082001500067100001900082245014600101250000600247260004100253300001300294650001200307210716s2019 xx 000 0 und d a9788126578542 aeng a657.3 REEM aRees, Michael. aPrinciples of financial modelling: model design and best practices using excel and VBA.bModel design and best practices using excel and VBA. a1 aNew DelhibWiley India Pvt Ltdc2019 axxix,512 aFinance